000 00416nam a2200169Ia 4500
008 180921t2015 xxu||||| |||| 00| 0 sin d
041 _asin
080 _a82-1
_bDAY
100 _aDayas, Upali J.
245 _aසිත් මෙත් සුව
246 _aSith Meth Suwa
260 _bGodage
_aColombo
_c2015
300 _b64p, 21cm
942 _cBK
999 _c1194
_d1194
003 LK-CoDNM
040 _aLK-CoDNM
_dLK-CoDNM
_eLK-CoDNM